| 000 | 00469ntaaa2200181 4500 | ||
|---|---|---|---|
| 003 | 01 | ||
| 005 | 20251027201340.0 | ||
| 008 | 0714s1973 ag 01 | ||
| 040 |
_aAR-BaBN _bspa _cAR-BaBN _eaacr _dRIC |
||
| 082 | _a223.7059 B47s | ||
| 100 |
_aMeselleri, Suleymanin _911806 |
||
| 245 | _aBiblia; A. T. - Proverbios. | ||
| 250 | _a1 ed. | ||
| 260 |
_aIstanbul, _c1935 |
||
| 300 |
_a86 (87) p. ; _c15,5 cm. |
||
| 500 | _aEl libro de Proverbios en idioma turco. | ||
| 942 | _cBK | ||
| 999 |
_c7985 _d7985 |
||